000 00530nam a2200157Ia 4500
003 GCL
008 140319s9999 xx 000 0 ara d
040 _aGCL /
_cGCL
082 0 4 _aد
_b050
100 1 _aمحمد عصام المرشدى
245 1 0 _aالثورة العرابية و اثرها فى تطور الشعب (اقرا 188 ) /
_cمحمد عصام المرشدى
300 _a127
490 _aاقرأ
_v0
650 0 4 _aمصر - تاريخ - العصر الحديث - الثورة العرابية
942 _2ddc
_cBK
999 _c48998
_d48998